Disney Pixar Characters beginning with J - Statistics

General Stats
  • This quiz has been taken 10 times
  • The average score is 4 of 14
Answer Stats
Answer % Correct
Jessie
75%
Joy
63%
Jack Jack Parr
38%
Jangles the Clown
38%
Jenny
38%
James P Sullivan
25%
Jeff Gorvette
25%
Jerry
25%
John
25%
Jacques
13%
Johnny Worthington
13%
Jackson Storm
0%
Jerry Recycled Batteries
0%
John Lassetire
0%
No matching quizzes found
Score Distribution
Percent of People with Each Score
Percentile by Number Answered
Your Score History
You have not taken this quiz